| 000 | 00774nam a2200289Ia 4500 | ||
|---|---|---|---|
| 001 | 7450 | ||
| 005 | 20240113234016.0 | ||
| 007 | ta | ||
| 008 | 170221s1992 ii a g b000 u 465 u | ||
| 020 | _a81-7099-355-5 | ||
| 040 | _aCotton College,Assam | ||
| 041 | _a465 | ||
| 082 |
_a320.954 _bKr 89 Pa |
||
| 100 | _aKrishnan, M. G. . | ||
| 245 | 0 |
_aPanchayati Raj in India / _cM. G. Krishnan. _hTextual Documents |
|
| 250 | _a1st ed. / | ||
| 260 |
_aDelhi : _bMittal Publications , _c1992. |
||
| 300 |
_aviii, 149p. : _bill. ; _c21cm . |
||
| 504 | _aIndex | ||
| 653 | _aPolitical Science | ||
| 653 | _aPanchayati raj-India | ||
| 653 | _aPanchayat-India | ||
| 653 | _aPG-Political Science | ||
| 942 |
_2ddc _cBK |
||
| 999 |
_c7437 _d7437 |
||